000 00444cam a2200157ua 4500
041 _aeng
_h
082 _a305.8
_bMAL/DY
100 _aMalinowski, Bronislaw .
245 _aDynamics of cultural change : An inaccuracy into race relation in Africa /
_cBronislaw Malinowski.
_hTextual Documents
250 _a1 /
_b.
260 _a :
_bYale university press ,
_c1958.
300 _a171 ; .
504 _a
942 _cBK
999 _c1831
_d1831